[Event "European Rapid Championship 2021"]
[Site "Katowice"]
[Date "2021.12.18"]
[Round "5.26"]
[White "Mikhaletz, Lubomir"]
[Black "Wikar, Martyna"]
[Result "1-0"]
[WhiteElo "2166"]
[BlackElo "2168"]
[Annotator "NA"]
[PlyCount "97"]
[EventDate "2021.12.18"]
[EventType "swiss"]
[EventCountry "POL"]
[SourceTitle "playchess.com"]
[Source "ChessBase"]
[SourceQuality "1"]
[TimeControl "900+10"]

1. e4 {[%emt 0:00:25]} c5 {[%emt 0:00:01]} 2. Nf3 {[%emt 0:00:01]} Nc6 {
[%emt 0:00:04]} 3. d4 {[%emt 0:00:01]} cxd4 {[%emt 0:00:02]} 4. Nxd4 {[%emt 0:
00:01]} e5 {[%emt 0:00:04]} 5. Nb5 {[%emt 0:00:02]} d6 {[%emt 0:00:01]} 6. N1c3
{[%emt 0:00:02]} a6 {[%emt 0:00:01]} 7. Na3 {[%emt 0:00:02]} Be6 {[%emt 0:00:
02]} 8. Nd5 {[%emt 0:01:17]} Bxd5 {[%emt 0:00:14]} 9. exd5 {[%emt 0:00:05]}
Nce7 {[%emt 0:00:06]} 10. c4 {[%emt 0:00:40]} Nf6 {[%emt 0:02:11]} 11. Qb3 {
[%emt 0:00:35]} Rb8 {[%emt 0:00:39]} 12. Be3 {[%emt 0:01:33]} Qa5+ {[%emt 0:00:
48]} 13. Bd2 {[%emt 0:00:42]} Qc7 {[%emt 0:00:04]} 14. Qa4+ {[%emt 0:02:22]}
Qd7 {[%emt 0:00:30]} 15. Qb4 {[%emt 0:00:13]} Ne4 {[%emt 0:01:04]} 16. Be3 {
[%emt 0:00:18]} Nf5 {[%emt 0:00:55]} 17. Ba7 {[%emt 0:00:39]} Rc8 {[%emt 0:00:
25]} 18. Bd3 {[%emt 0:00:03]} Nc5 {[%emt 0:02:00]} 19. Bxf5 {[%emt 0:00:37]}
Qxf5 {[%emt 0:00:09]} 20. Bxc5 {[%emt 0:00:04]} Rxc5 {[%emt 0:00:01]} 21. Qxb7
{[%emt 0:00:18]} Qe4+ {[%emt 0:00:10]} 22. Kf1 {[%emt 0:00:01]} Be7 {[%emt 0:
01:54]} 23. b4 {[%emt 0:02:23]} Qd4 {[%emt 0:00:16]} 24. Re1 {[%emt 0:00:36]}
Rxc4 {[%emt 0:03:42]} 25. Nxc4 {[%emt 0:00:09]} Qxc4+ {[%emt 0:00:02]} 26. Kg1
{[%emt 0:00:01]} Bd8 {[%emt 0:00:30]} 27. g3 {[%emt 0:00:49]} O-O {[%emt 0:00:
10]} 28. Kg2 {[%emt 0:01:29]} Qxa2 {[%emt 0:00:29]} 29. Rc1 {[%emt 0:01:06]} e4
{[%emt 0:01:21]} 30. Rhe1 {[%emt 0:01:04]} e3 {[%emt 0:00:15]} 31. Rxe3 {
[%emt 0:01:05]} Bg5 {[%emt 0:00:03]} 32. Rce1 {[%emt 0:00:11]} Bxe3 {[%emt 0:
00:04]} 33. Rxe3 {[%emt 0:00:02]} Qc4 {[%emt 0:00:18]} 34. Qc6 {[%emt 0:00:10]}
Qxb4 {[%emt 0:00:07]} 35. Qxa6 {[%emt 0:00:06]} Qc5 {[%emt 0:00:19]} 36. Qc6 {
[%emt 0:00:04]} Qxc6 {[%emt 0:00:04]} 37. dxc6 {[%emt 0:00:01]} Rc8 {[%emt 0:
00:01]} 38. Rc3 {[%emt 0:00:01]} Kf8 {[%emt 0:00:01]} 39. Kf3 {[%emt 0:00:02]}
Ke7 {[%emt 0:00:04]} 40. Ke4 {[%emt 0:00:00]} Ke6 {[%emt 0:00:04]} 41. Kd4 {
[%emt 0:00:01]} d5 {[%emt 0:00:48]} 42. Kc5 {[%emt 0:00:02]} d4 {[%emt 0:00:17]
} 43. Rc1 {[%emt 0:00:39]} d3 {[%emt 0:00:26]} 44. Re1+ {[%emt 0:00:02]} Kf6 {
[%emt 0:00:01]} 45. Rd1 {[%emt 0:00:02]} Ra8 {[%emt 0:00:46]} 46. Rxd3 {
[%emt 0:00:36]} Ra2 {[%emt 0:01:00]} 47. c7 {[%emt 0:00:57]} Ke5 {[%emt 0:00:
11]} 48. Re3+ {[%emt 0:00:10]} Kf6 {[%emt 0:00:01]} 49. Rc3 {[%emt 0:00:04]}
1-0

[Event "European Rapid Championship 2021"]
[Site "Katowice"]
[Date "2021.12.18"]
[Round "5.26"]
[White "Paprocki, Jaroslaw"]
[Black "Gretarsson, Helgi Ass"]
[Result "0-1"]
[WhiteElo "2165"]
[BlackElo "2476"]
[Annotator "ChessBase"]
[PlyCount "80"]
[EventDate "2021.12.18"]
[EventType "swiss"]
[EventCountry "POL"]
[SourceTitle "playchess.com"]
[Source "ChessBase"]
[SourceQuality "1"]
[TimeControl "900+10"]

1. Nf3 {[%emt 0:00:03]} g6 {[%emt 0:00:01]} 2. d4 {[%emt 0:00:10]} Bg7 {
[%emt 0:00:02]} 3. g3 {[%emt 0:00:15]} d5 {[%emt 0:00:03]} 4. Bg2 {[%emt 0:00:
04]} c6 {[%emt 0:00:02]} 5. O-O {[%emt 0:00:32]} Nf6 {[%emt 0:00:01]} 6. Na3 {
[%emt 0:01:12]} O-O {[%emt 0:03:52]} 7. c4 {[%emt 0:00:16]} Be6 {[%emt 0:00:02]
} 8. Bf4 {[%emt 0:00:43]} dxc4 {[%emt 0:01:42]} 9. Ng5 {[%emt 0:00:12]} Bf5 {
[%emt 0:01:15]} 10. e4 {[%emt 0:01:47]} Bc8 {[%emt 0:00:01]} 11. e5 {[%emt 0:
01:30]} Nd5 {[%emt 0:00:03]} 12. Nxc4 {[%emt 0:01:33]} f6 {[%emt 0:01:04]} 13.
Nh3 {[%emt 0:00:57]} Be6 {[%emt 0:00:01]} 14. exf6 {[%emt 0:00:39]} exf6 {
[%emt 0:00:03]} 15. Bd6 {[%emt 0:01:35]} Re8 {[%emt 0:00:07]} 16. Qc1 {[%emt 0:
03:15]} Na6 {[%emt 0:01:07]} 17. a4 {[%emt 0:00:23]} Qd7 {[%emt 0:01:38]} 18.
Nf4 {[%emt 0:00:11]} Nxf4 {[%emt 0:02:35]} 19. Bxf4 {[%emt 0:00:04]} Bf8 {
[%emt 0:00:00]} 20. Rd1 {[%emt 0:00:13]} Rad8 {[%emt 0:00:09]} 21. Ne3 {
[%emt 0:01:20]} Nb4 {[%emt 0:00:05]} 22. h4 {[%emt 0:00:08]} h6 {[%emt 0:01:23]
} 23. Nc2 {[%emt 0:00:40]} Bb3 {[%emt 0:00:01]} 24. Nxb4 {[%emt 0:00:30]} Bxb4
{[%emt 0:00:43]} 25. Rf1 {[%emt 0:00:01]} g5 {[%emt 0:00:09]} 26. hxg5 {
[%emt 0:00:12]} hxg5 {[%emt 0:00:01]} 27. Be3 {[%emt 0:00:08]} Qf5 {[%emt 0:00:
47]} 28. Qb1 {[%emt 0:00:14]} Bc2 {[%emt 0:00:05]} 29. Qa2+ {[%emt 0:00:01]}
Kg7 {[%emt 0:00:01]} 30. Qc4 {[%emt 0:00:13]} a5 {[%emt 0:00:05]} 31. Rfc1 {
[%emt 0:00:31]} Bd3 {[%emt 0:00:05]} 32. Qb3 {[%emt 0:00:12]} Rh8 {[%emt 0:00:
08]} 33. Rc5 {[%emt 0:00:06]} Bxc5 {[%emt 0:00:52]} 34. dxc5 {[%emt 0:00:14]}
Ba6 {[%emt 0:00:01]} 35. Qb6 {[%emt 0:00:17]} Qc2 {[%emt 0:01:43]} 36. Qc7+ {
[%emt 0:00:28]} Kg6 {[%emt 0:00:01]} 37. Bf3 {[%emt 0:00:01]} Be2 {[%emt 0:00:
15]} 38. Bxe2 {[%emt 0:00:29]} Qxe2 {[%emt 0:00:03]} 39. Kg2 {[%emt 0:00:01]}
Rd1 {[%emt 0:00:48]} 40. Rxd1 {[%emt 0:00:02]} Qxd1 {[%emt 0:00:00]} 0-1

[Event "European Rapid Championship 2021"]
[Site "Katowice"]
[Date "2021.12.18"]
[Round "5.27"]
[White "Kjartansson, Gudmundur"]
[Black "Mica, Marek"]
[Result "1/2-1/2"]
[WhiteElo "2402"]
[BlackElo "2060"]
[Annotator "ChessBase"]
[PlyCount "135"]
[EventDate "2021.12.18"]
[EventType "swiss"]
[EventCountry "POL"]
[SourceTitle "playchess.com"]
[Source "ChessBase"]
[SourceQuality "1"]
[TimeControl "900+10"]

1. c4 {[%emt 0:00:06]} Nf6 {[%emt 0:00:01]} 2. Nf3 {[%emt 0:00:03]} e6 {
[%emt 0:00:01]} 3. Nc3 {[%emt 0:00:02]} d5 {[%emt 0:00:01]} 4. d4 {[%emt 0:00:
01]} dxc4 5. e4 {[%emt 0:00:03]} Bb4 {[%emt 0:00:05]} 6. Bxc4 {[%emt 0:00:03]}
Nxe4 {[%emt 0:00:09]} 7. O-O {[%emt 0:00:04]} Nxc3 {[%emt 0:00:02]} 8. bxc3 {
[%emt 0:00:01]} Be7 {[%emt 0:00:01]} 9. Ne5 {[%emt 0:00:36]} Nc6 {[%emt 0:00:
44]} 10. Qg4 {[%emt 0:01:13]} Bf6 {[%emt 0:01:04]} 11. Ba3 {[%emt 0:01:20]}
Nxe5 {[%emt 0:04:16]} 12. dxe5 {[%emt 0:00:02]} Bxe5 {[%emt 0:00:05]} 13. Rad1
{[%emt 0:00:32]} Qf6 {[%emt 0:01:02]} 14. Qe4 {[%emt 0:01:08]} Bd6 {[%emt 0:01:
01]} 15. Bb5+ {[%emt 0:01:10]} Kf8 {[%emt 0:00:31]} 16. Rxd6 {[%emt 0:03:00]}
cxd6 {[%emt 0:00:12]} 17. Bxd6+ {[%emt 0:00:01]} Kg8 {[%emt 0:00:06]} 18. Rd1 {
[%emt 0:01:11]} Qg6 {[%emt 0:00:53]} 19. Be5 {[%emt 0:03:15]} h6 {[%emt 0:00:
18]} 20. Qb4 {[%emt 0:02:20]} Kh7 {[%emt 0:00:27]} 21. Rd3 {[%emt 0:00:27]} a6
{[%emt 0:02:26]} 22. Rg3 {[%emt 0:00:11]} axb5 {[%emt 0:00:18]} 23. Rxg6 {
[%emt 0:00:03]} fxg6 {[%emt 0:00:01]} 24. Qe7 {[%emt 0:01:04]} Rg8 {[%emt 0:00:
06]} 25. h4 {[%emt 0:00:37]} Rxa2 {[%emt 0:00:34]} 26. g4 {[%emt 0:00:06]} Re2
{[%emt 0:00:23]} 27. f4 {[%emt 0:00:45]} Rd2 {[%emt 0:00:33]} 28. h5 {[%emt 0:
00:04]} gxh5 {[%emt 0:00:08]} 29. gxh5 {[%emt 0:00:18]} Rd7 {[%emt 0:00:50]}
30. Qh4 {[%emt 0:00:01]} Rf7 {[%emt 0:00:11]} 31. Qg4 {[%emt 0:00:04]} Re8 {
[%emt 0:00:18]} 32. Kf2 {[%emt 0:00:16]} Bd7 {[%emt 0:00:09]} 33. Ke3 {[%emt 0:
00:02]} Bc6 {[%emt 0:00:06]} 34. Kd4 {[%emt 0:00:04]} b6 {[%emt 0:00:21]} 35.
Ke3 {[%emt 0:00:01]} Kg8 {[%emt 0:00:17]} 36. Qg6 {[%emt 0:00:01]} Ree7 {
[%emt 0:01:41]} 37. Kd2 {[%emt 0:00:39]} Be8 {[%emt 0:00:19]} 38. Qg1 {[%emt 0:
00:14]} Rb7 39. Kc2 {[%emt 0:00:14]} Rf5 {[%emt 0:00:53]} 40. Qg2 {[%emt 0:00:
08]} Rff7 {[%emt 0:00:20]} 41. Kb3 {[%emt 0:00:04]} Ra7 {[%emt 0:00:29]} 42.
Qg1 {[%emt 0:00:03]} Ra6 {[%emt 0:00:20]} 43. Qd4 {[%emt 0:00:04]} Bc6 {
[%emt 0:00:10]} 44. Qd8+ {[%emt 0:00:06]} Kh7 {[%emt 0:00:02]} 45. Qd3+ {
[%emt 0:00:23]} Kg8 {[%emt 0:00:16]} 46. Qd8+ {[%emt 0:00:01]} Kh7 {[%emt 0:00:
04]} 47. Qc8 {[%emt 0:00:13]} Bd5+ {[%emt 0:00:15]} 48. Kb4 {[%emt 0:00:01]}
Ra5 {[%emt 0:00:16]} 49. Bd4 {[%emt 0:00:08]} Rxf4 {[%emt 0:00:22]} 50. Qc7 {
[%emt 0:00:01]} Rxd4+ {[%emt 0:00:01]} 51. cxd4 Ra4+ {[%emt 0:00:00]} 52. Kxb5
{[%emt 0:00:06]} Rxd4 {[%emt 0:00:02]} 53. Qg3 {[%emt 0:00:27]} Be4 {[%emt 0:
00:18]} 54. Kxb6 {[%emt 0:00:08]} Rd5 {[%emt 0:00:10]} 55. Qg4 {[%emt 0:00:38]}
Bf5 {[%emt 0:00:05]} 56. Qf3 {[%emt 0:00:05]} Kg8 {[%emt 0:00:05]} 57. Kc6 {
[%emt 0:00:03]} Kf7 {[%emt 0:00:03]} 58. Qf2 {[%emt 0:00:15]} Kf6 {[%emt 0:00:
16]} 59. Qf4 {[%emt 0:00:31]} Rd3 {[%emt 0:00:23]} 60. Qh4+ {[%emt 0:00:06]}
Kf7 {[%emt 0:00:03]} 61. Qf4 {[%emt 0:00:03]} Kg8 {[%emt 0:00:16]} 62. Qf2 {
[%emt 0:00:23]} Kh7 {[%emt 0:00:11]} 63. Kc7 {[%emt 0:00:02]} Rd5 {[%emt 0:00:
12]} 64. Qg3 {[%emt 0:00:05]} Kg8 {[%emt 0:00:05]} 65. Kc6 {[%emt 0:00:03]} Kf7
{[%emt 0:00:01]} 66. Qf2 {[%emt 0:00:03]} Kf6 {[%emt 0:00:03]} 67. Qh4+ {
[%emt 0:00:02]} Kf7 {[%emt 0:00:03]} 68. Qf2 1/2-1/2

[Event "European Rapid Championship 2021"]
[Site "Katowice"]
[Date "2021.12.18"]
[Round "5.27"]
[White "Vingris, Mikelis"]
[Black "Sliwicka, Alicja"]
[Result "0-1"]
[WhiteElo "1904"]
[BlackElo "2303"]
[Annotator "NA"]
[PlyCount "168"]
[EventDate "2021.12.18"]
[EventType "swiss"]
[EventCountry "POL"]
[SourceTitle "playchess.com"]
[Source "ChessBase"]
[SourceQuality "1"]
[TimeControl "900+10"]

1. e4 {[%emt 0:00:02]} c5 {[%emt 0:00:01]} 2. Nf3 {[%emt 0:00:02]} d6 {[%emt 0:
00:02]} 3. d4 {[%emt 0:00:01]} cxd4 {[%emt 0:00:02]} 4. Nxd4 {[%emt 0:00:01]}
Nf6 {[%emt 0:00:01]} 5. Nc3 {[%emt 0:00:02]} Bd7 {[%emt 0:00:01]} 6. Be3 {
[%emt 0:00:05]} Ng4 {[%emt 0:00:14]} 7. Bc1 {[%emt 0:00:43]} Nc6 {[%emt 0:00:
55]} 8. f3 {[%emt 0:00:05]} Qb6 {[%emt 0:00:33]} 9. fxg4 {[%emt 0:00:59]} Qxd4
{[%emt 0:00:14]} 10. Be2 {[%emt 0:00:58]} g6 {[%emt 0:00:57]} 11. Bf3 {[%emt 0:
01:18]} Bg7 {[%emt 0:00:19]} 12. a3 {[%emt 0:03:23]} Rc8 {[%emt 0:00:37]} 13.
Qe2 {[%emt 0:01:39]} Qc5 {[%emt 0:00:47]} 14. Bd2 {[%emt 0:02:00]} Nd4 {
[%emt 0:01:02]} 15. Qd3 {[%emt 0:00:10]} Nb5 {[%emt 0:04:06]} 16. Be2 {[%emt 0:
05:34]} Nxc3 {[%emt 0:00:24]} 17. bxc3 {[%emt 0:00:11]} Bxc3 {[%emt 0:00:25]}
18. Bxc3 {[%emt 0:00:16]} Qxc3+ {[%emt 0:00:02]} 19. Qxc3 {[%emt 0:00:02]} Rxc3
{[%emt 0:00:02]} 20. Kd2 {[%emt 0:00:01]} Rc7 {[%emt 0:00:10]} 21. Rab1 {
[%emt 0:00:06]} O-O {[%emt 0:00:31]} 22. h3 {[%emt 0:00:29]} Rfc8 {[%emt 0:00:
21]} 23. Bd3 {[%emt 0:00:02]} Be6 {[%emt 0:00:28]} 24. Rb4 {[%emt 0:00:19]} b6
{[%emt 0:00:23]} 25. Rhb1 {[%emt 0:00:31]} Kg7 {[%emt 0:01:12]} 26. g5 Bc4 27.
Bxc4 {[%emt 0:00:28]} Rxc4 {[%emt 0:01:52]} 28. Rxc4 {[%emt 0:00:02]} Rxc4 {
[%emt 0:00:02]} 29. Kd3 {[%emt 0:00:02]} Rc5 {[%emt 0:00:07]} 30. h4 {[%emt 0:
00:04]} h6 {[%emt 0:00:18]} 31. gxh6+ {[%emt 0:00:01]} Kxh6 {[%emt 0:00:02]}
32. g4 {[%emt 0:00:19]} Ra5 {[%emt 0:00:44]} 33. Rb3 {[%emt 0:00:06]} f5 {
[%emt 0:01:19]} 34. exf5 {[%emt 0:00:21]} gxf5 {[%emt 0:00:02]} 35. gxf5 {
[%emt 0:00:21]} Rxf5 {[%emt 0:00:06]} 36. Ke4 {[%emt 0:00:15]} Rc5 {[%emt 0:00:
27]} 37. Kd3 {[%emt 0:00:03]} Ra5 {[%emt 0:00:48]} 38. Rc3 {[%emt 0:00:17]} Kh5
{[%emt 0:00:43]} 39. Ke4 {[%emt 0:00:09]} Re5+ {[%emt 0:00:17]} 40. Kf4 {
[%emt 0:00:04]} Kxh4 {[%emt 0:00:14]} 41. Rc7 {[%emt 0:00:08]} a5 {[%emt 0:00:
04]} 42. Rc8 {[%emt 0:00:13]} Kh5 {[%emt 0:00:05]} 43. Rg8 {[%emt 0:00:13]} Kh6
{[%emt 0:00:13]} 44. a4 {[%emt 0:00:07]} b5 {[%emt 0:00:15]} 45. axb5 {[%emt 0:
00:09]} Rxb5 {[%emt 0:00:01]} 46. Re8 {[%emt 0:00:05]} Re5 {[%emt 0:00:06]} 47.
Rg8 {[%emt 0:00:06]} Kh7 {[%emt 0:00:14]} 48. Rg1 {[%emt 0:00:14]} a4 {[%emt 0:
00:03]} 49. Ra1 {[%emt 0:00:17]} Ra5 {[%emt 0:00:02]} 50. Ra3 {[%emt 0:00:09]}
Kg6 {[%emt 0:00:04]} 51. Ke4 {[%emt 0:00:03]} Kf6 {[%emt 0:00:07]} 52. Rf3+ {
[%emt 0:00:06]} Ke6 {[%emt 0:00:02]} 53. Ra3 {[%emt 0:00:00]} d5+ {[%emt 0:00:
04]} 54. Kd4 {[%emt 0:00:09]} Kd6 {[%emt 0:00:02]} 55. c3 {[%emt 0:00:33]} e5+
{[%emt 0:00:05]} 56. Kd3 {[%emt 0:00:02]} Kc5 {[%emt 0:00:02]} 57. Ke3 {
[%emt 0:00:05]} Kc4 {[%emt 0:00:03]} 58. Kd2 {[%emt 0:00:01]} Ra8 {[%emt 0:00:
21]} 59. Kc2 {[%emt 0:00:01]} Kb5 {[%emt 0:00:03]} 60. Kd3 {[%emt 0:00:10]} Rh8
{[%emt 0:00:05]} 61. Ra1 {[%emt 0:00:01]} Rh3+ {[%emt 0:00:08]} 62. Kc2 {
[%emt 0:00:07]} e4 {[%emt 0:00:22]} 63. Kd2 {[%emt 0:00:01]} Rd3+ {[%emt 0:01:
02]} 64. Kc2 {[%emt 0:00:02]} d4 {[%emt 0:00:13]} 65. Rb1+ {[%emt 0:00:33]} Kc5
{[%emt 0:00:06]} 66. cxd4+ {[%emt 0:00:08]} Rxd4 {[%emt 0:00:02]} 67. Rb8 {
[%emt 0:00:14]} Rb4 {[%emt 0:00:24]} 68. Rd8 {[%emt 0:00:24]} Kc4 {[%emt 0:00:
10]} 69. Rd7 {[%emt 0:00:05]} a3 {[%emt 0:00:06]} 70. Rc7+ {[%emt 0:00:02]} Kd4
{[%emt 0:00:08]} 71. Ra7 {[%emt 0:00:23]} Rb2+ {[%emt 0:00:04]} 72. Kc1 {
[%emt 0:00:14]} Rb3 {[%emt 0:00:02]} 73. Kc2 {[%emt 0:00:01]} Rc3+ {[%emt 0:00:
02]} 74. Kd2 {[%emt 0:00:06]} e3+ {[%emt 0:00:02]} 75. Ke2 {[%emt 0:00:06]}
Rc2+ {[%emt 0:00:15]} 76. Kd1 {[%emt 0:00:08]} Rc3 {[%emt 0:00:48]} 77. Ke2 {
[%emt 0:00:08]} Kc4 {[%emt 0:00:04]} 78. Rc7+ {[%emt 0:00:12]} Kb3 {[%emt 0:00:
03]} 79. Rb7+ {[%emt 0:00:03]} Kc2 {[%emt 0:00:03]} 80. Ra7 {[%emt 0:00:03]}
Kb2 {[%emt 0:00:05]} 81. Kd1 {[%emt 0:00:49]} a2 {[%emt 0:00:09]} 82. Rb7+ {
[%emt 0:00:15]} Rb3 {[%emt 0:00:06]} 83. Rc7 {[%emt 0:00:11]} a1=Q+ {[%emt 0:
00:08]} 84. Ke2 {[%emt 0:00:02]} Qa6+ {[%emt 0:00:05]} 0-1

[Event "European Rapid Championship 2021"]
[Site "Katowice"]
[Date "2021.12.18"]
[Round "5.28"]
[White "Kowalczyk, Mariusz"]
[Black "Wiewiora, Eneasz"]
[Result "0-1"]
[WhiteElo "2047"]
[BlackElo "2333"]
[Annotator "NA"]
[PlyCount "124"]
[EventDate "2021.12.18"]
[EventType "swiss"]
[EventCountry "POL"]
[SourceTitle "playchess.com"]
[Source "ChessBase"]
[SourceQuality "1"]
[TimeControl "900+10"]

1. e4 {[%emt 0:00:03]} d6 {[%emt 0:00:01]} 2. d4 {[%emt 0:00:08]} Nf6 {[%emt 0:
00:01]} 3. Nd2 {[%emt 0:00:14]} e5 {[%emt 0:00:09]} 4. c3 {[%emt 0:00:40]} g6 {
[%emt 0:00:57]} 5. Ngf3 {[%emt 0:00:09]} Nc6 {[%emt 0:01:33]} 6. dxe5 {[%emt 0:
00:55]} Nxe5 {[%emt 0:00:13]} 7. Nxe5 {[%emt 0:00:31]} dxe5 {[%emt 0:00:02]} 8.
Bc4 {[%emt 0:00:06]} Bg7 {[%emt 0:00:11]} 9. O-O {[%emt 0:00:51]} O-O {[%emt 0:
00:02]} 10. h3 {[%emt 0:00:57]} c6 {[%emt 0:00:19]} 11. Qc2 {[%emt 0:00:35]}
Nh5 {[%emt 0:00:37]} 12. Nf3 {[%emt 0:00:22]} h6 {[%emt 0:00:06]} 13. Be3 {
[%emt 0:00:39]} Qf6 {[%emt 0:01:35]} 14. Be2 {[%emt 0:01:34]} Nf4 {[%emt 0:00:
08]} 15. Bxf4 {[%emt 0:00:07]} Qxf4 {[%emt 0:00:06]} 16. Rad1 {[%emt 0:00:54]}
Be6 {[%emt 0:00:30]} 17. Nh2 {[%emt 0:00:19]} h5 {[%emt 0:00:17]} 18. b3 {
[%emt 0:01:12]} Rfd8 {[%emt 0:00:28]} 19. Bc4 {[%emt 0:00:33]} Bxc4 {[%emt 0:
00:01]} 20. bxc4 {[%emt 0:00:01]} Bf8 {[%emt 0:00:08]} 21. g3 {[%emt 0:00:27]}
Qf6 {[%emt 0:00:20]} 22. Kg2 {[%emt 0:00:01]} Bc5 {[%emt 0:01:19]} 23. Nf3 {
[%emt 0:00:06]} Kg7 {[%emt 0:00:16]} 24. Rxd8 {[%emt 0:01:22]} Rxd8 {[%emt 0:
00:04]} 25. Rd1 {[%emt 0:00:04]} Rxd1 {[%emt 0:00:28]} 26. Qxd1 {[%emt 0:00:01]
} Qe6 {[%emt 0:00:05]} 27. Qd3 {[%emt 0:00:14]} Be7 {[%emt 0:00:21]} 28. Ne1 {
[%emt 0:01:22]} h4 {[%emt 0:00:21]} 29. Nf3 {[%emt 0:00:42]} hxg3 {[%emt 0:00:
18]} 30. fxg3 {[%emt 0:00:07]} a6 {[%emt 0:00:06]} 31. a4 {[%emt 0:00:34]} Bc5
{[%emt 0:00:10]} 32. Ng5 {[%emt 0:00:25]} Qf6 {[%emt 0:00:06]} 33. Nf3 {
[%emt 0:00:01]} Qe7 {[%emt 0:00:04]} 34. Qd2 {[%emt 0:00:47]} Bb6 {[%emt 0:00:
35]} 35. Qg5 {[%emt 0:00:43]} Qxg5 {[%emt 0:00:37]} 36. Nxg5 {[%emt 0:00:02]}
Ba5 {[%emt 0:00:01]} 37. Nf3 {[%emt 0:00:06]} Bxc3 {[%emt 0:00:06]} 38. Kf2 {
[%emt 0:00:03]} f5 {[%emt 0:00:48]} 39. Ke3 {[%emt 0:00:07]} Kf6 {[%emt 0:00:
08]} 40. Kd3 {[%emt 0:00:15]} Bb4 {[%emt 0:00:04]} 41. Ke3 {[%emt 0:00:43]}
Bc5+ {[%emt 0:00:01]} 42. Kd3 {[%emt 0:00:02]} Bb6 {[%emt 0:00:55]} 43. g4 {
[%emt 0:01:10]} Bc5 {[%emt 0:00:22]} 44. gxf5 {[%emt 0:00:29]} gxf5 {[%emt 0:
00:01]} 45. exf5 {[%emt 0:00:01]} Kxf5 {[%emt 0:00:08]} 46. Nh4+ {[%emt 0:00:
06]} Kg5 {[%emt 0:01:13]} 47. Ng2 {[%emt 0:00:34]} Bf2 {[%emt 0:00:25]} 48. Ke4
{[%emt 0:00:01]} Kf6 {[%emt 0:00:24]} 49. Kf3 {[%emt 0:00:01]} Bc5 {[%emt 0:00:
20]} 50. Ke4 {[%emt 0:00:01]} b5 {[%emt 0:01:16]} 51. cxb5 {[%emt 0:00:10]}
cxb5 {[%emt 0:00:01]} 52. axb5 {[%emt 0:00:01]} axb5 {[%emt 0:00:02]} 53. Ne1 {
[%emt 0:00:04]} b4 {[%emt 0:00:56]} 54. Nd3 {[%emt 0:00:02]} b3 {[%emt 0:00:37]
} 55. Nb2 {[%emt 0:00:25]} Bd4 {[%emt 0:00:14]} 56. Nc4 {[%emt 0:00:03]} b2 {
[%emt 0:02:33]} 57. Nd2 {[%emt 0:00:02]} Kg5 {[%emt 0:00:00]} 58. Kd3 {[%emt 0:
00:02]} Kh4 {[%emt 0:00:33]} 59. Kc2 {[%emt 0:00:16]} Kxh3 {[%emt 0:00:06]} 60.
Nf3 {[%emt 0:00:05]} Kg3 {[%emt 0:00:01]} 61. Nxd4 {[%emt 0:00:05]} exd4 {
[%emt 0:00:01]} 62. Kxb2 {[%emt 0:00:01]} Kf2 {[%emt 0:00:05]} 0-1

[Event "European Rapid Championship 2021"]
[Site "Katowice"]
[Date "2021.12.18"]
[Round "5.28"]
[White "Kiolbasa, Damian"]
[Black "Chojnacki, Slawomir"]
[Result "0-1"]
[WhiteElo "1893"]
[BlackElo "2165"]
[Annotator "NA"]
[PlyCount "137"]
[EventDate "2021.12.18"]
[EventType "swiss"]
[EventCountry "POL"]
[SourceTitle "playchess.com"]
[Source "ChessBase"]
[SourceQuality "1"]
[TimeControl "900+10"]

1. d4 {[%emt 0:00:03]} d5 {[%emt 0:00:01]} 2. c4 {[%emt 0:00:02]} e6 {[%emt 0:
00:01]} 3. Nc3 {[%emt 0:00:02]} Nf6 {[%emt 0:00:01]} 4. Bf4 {[%emt 0:00:02]}
Bd6 {[%emt 0:00:02]} 5. e3 {[%emt 0:00:09]} Bxf4 {[%emt 0:00:30]} 6. exf4 {
[%emt 0:00:02]} dxc4 {[%emt 0:00:01]} 7. Bxc4 {[%emt 0:00:04]} O-O {[%emt 0:00:
03]} 8. Nf3 {[%emt 0:00:44]} b6 {[%emt 0:00:20]} 9. O-O {[%emt 0:00:35]} Bb7 {
[%emt 0:00:14]} 10. Re1 {[%emt 0:00:19]} Nc6 {[%emt 0:00:40]} 11. Qd2 {[%emt 0:
05:03]} Ne7 {[%emt 0:00:58]} 12. Ne5 {[%emt 0:00:17]} c5 {[%emt 0:01:24]} 13.
Rad1 {[%emt 0:00:01]} cxd4 {[%emt 0:01:25]} 14. Qxd4 {[%emt 0:00:02]} Qxd4 {
[%emt 0:00:01]} 15. Rxd4 {[%emt 0:00:01]} Nc6 {[%emt 0:00:58]} 16. Rd6 {
[%emt 0:01:16]} Rac8 {[%emt 0:00:20]} 17. Nxf7 {[%emt 0:03:17]} Rxf7 {[%emt 0:
00:01]} 18. Bxe6 {[%emt 0:00:01]} Rcc7 {[%emt 0:00:01]} 19. Nd5 {[%emt 0:02:12]
} Kf8 {[%emt 0:00:52]} 20. Bxf7 {[%emt 0:00:30]} Rxf7 {[%emt 0:00:09]} 21. Nxf6
{[%emt 0:00:32]} Rxf6 {[%emt 0:01:07]} 22. Rxf6+ {[%emt 0:01:04]} gxf6 {
[%emt 0:00:01]} 23. f3 {[%emt 0:00:23]} Kf7 {[%emt 0:00:08]} 24. Kf2 {[%emt 0:
00:02]} Nb4 {[%emt 0:00:03]} 25. Kg3 {[%emt 0:00:27]} a5 {[%emt 0:00:19]} 26.
Rc1 {[%emt 0:00:12]} Nd5 {[%emt 0:01:22]} 27. b3 {[%emt 0:00:15]} Ke6 {[%emt 0:
00:39]} 28. Rc4 {[%emt 0:00:44]} Kd6 {[%emt 0:00:12]} 29. Kh4 {[%emt 0:00:53]}
b5 {[%emt 0:01:10]} 30. Rd4 {[%emt 0:00:20]} Bc8 {[%emt 0:00:15]} 31. g4 {
[%emt 0:00:18]} Kc5 {[%emt 0:00:26]} 32. Re4 {[%emt 0:00:04]} Kd6 {[%emt 0:02:
49]} 33. f5 {[%emt 0:00:14]} Nc3 {[%emt 0:00:40]} 34. Re8 {[%emt 0:00:03]} Bd7
{[%emt 0:00:04]} 35. Ra8 {[%emt 0:00:16]} a4 {[%emt 0:00:18]} 36. bxa4 {
[%emt 0:00:02]} bxa4 {[%emt 0:00:01]} 37. a3 Nb1 {[%emt 0:00:01]} 38. g5 {
[%emt 0:00:28]} Bc6 {[%emt 0:01:29]} 39. Ra6 {[%emt 0:00:07]} fxg5+ {[%emt 0:
00:26]} 40. Kxg5 {[%emt 0:00:01]} Nd2 {[%emt 0:00:02]} 41. f6 {[%emt 0:00:30]}
Nxf3+ {[%emt 0:00:02]} 42. Kh6 {[%emt 0:00:01]} Ne5 {[%emt 0:00:05]} 43. Kg7 {
[%emt 0:00:09]} h5 {[%emt 0:00:10]} 44. f7 {[%emt 0:00:15]} Nxf7 {[%emt 0:00:
01]} 45. Kxf7 {[%emt 0:00:01]} Kc5 {[%emt 0:00:04]} 46. Kg6 {[%emt 0:00:27]}
Be8+ {[%emt 0:00:29]} 47. Kg5 {[%emt 0:00:03]} Kc4 {[%emt 0:00:01]} 48. Re6 {
[%emt 0:00:03]} Bf7 {[%emt 0:00:08]} 49. Rb6 {[%emt 0:00:13]} Kc3 {[%emt 0:00:
06]} 50. h4 {[%emt 0:00:08]} Bb3 {[%emt 0:00:04]} 51. Kxh5 {[%emt 0:00:13]} Kb2
{[%emt 0:00:01]} 52. Kg5 {[%emt 0:00:16]} Kxa3 {[%emt 0:00:01]} 53. h5 {
[%emt 0:00:03]} Bc2 {[%emt 0:00:07]} 54. h6 {[%emt 0:00:12]} Ka2 {[%emt 0:00:
01]} 55. Kf4 {[%emt 0:00:02]} a3 {[%emt 0:00:08]} 56. Ke3 {[%emt 0:00:01]} Ka1
{[%emt 0:00:05]} 57. Kd2 {[%emt 0:00:19]} Bf5 {[%emt 0:00:03]} 58. Rf6 {
[%emt 0:00:29]} Be4 {[%emt 0:00:06]} 59. Re6 {[%emt 0:00:03]} Bf5 {[%emt 0:00:
02]} 60. Re5 {[%emt 0:00:01]} Bg6 {[%emt 0:00:03]} 61. Rg5 {[%emt 0:00:02]} Be4
{[%emt 0:00:02]} 62. Rg4 {[%emt 0:00:07]} Bf5 {[%emt 0:00:02]} 63. Rf4 {
[%emt 0:00:00]} Bg6 {[%emt 0:00:22]} 64. Kc3 {[%emt 0:00:32]} a2 {[%emt 0:00:
03]} 65. Rh4 {[%emt 0:00:14]} Bh7 {[%emt 0:00:08]} 66. Rh2 {[%emt 0:00:05]} Be4
{[%emt 0:00:10]} 67. h7 {[%emt 0:00:07]} Kb1 {[%emt 0:00:03]} 68. Rb2+ {
[%emt 0:00:27]} Kc1 {[%emt 0:00:04]} 69. Rxa2 0-1